000 00351nam a2200133Ia 4500
008 151001s9999||||xx |||||||||||||| ||und||
100 _aगोविंद केळकर
245 _aजीवनयात्रा
250 _a1
260 _bराजेंद्र प्रकाशन
260 _c1980
300 _a128
365 _b18
999 _c960840
_d960837